000
00293nam a22001337a 4500
008
170522b xxu||||| |||| 00| 0 eng d
020
_a
9780814715666
041
_a
eng
080
_a
94(7/8)
100
_a
16
101
_a
SHH
245
_a
AMERICA ASCENDANT
_c
CASHMAN, S.D
942
_2
udc
_c
BK
999
_c
13670
_d
13670